000 00428nam a2200133Ia 4500
008 100328s9999 xx 000 0 und d
082 _b14314
100 _aगजेंद्रगडकर अरविंद
245 _aस्वरांच्या बनात
260 _bहंस
630 _aस्वरांच्या बनात
730 _aस्वरांच्या बनात
942 _cBOOK
999 _c509299
_d509296